000
00468nam a2200181Ia 4500
008
100917s9999 xx 000 0 und d
082
_b
6062
100
_a
साठे शं. गो.
245
_a
ससा आणि कासव
260
_b
---
_c
1961
300
_a
107
365
_b
2.5
520
_a
नाटक
630
_a
ससा आणि कासव
650
_a
नाटक
730
_a
ससा आणि कासव
942
_c
BOOK
999
_c
611456
_d
611453